Quem é esse? - Statistics

Estatísticas Gerais
  • Esse quiz foi jogado 173 vezes
  • A pontuação média é 12 de 36
Estatísticas das Respostas
Imagem Resposta % Correto
Messi
97%
Lula
94%
Diego Maradona
92%
Jair Bolsonaro
92%
Mandela
70%
Karl Marx
69%
Gandhi
64%
Frida Kahlo
58%
Jay-Z
58%
Joana D´arc
53%
Carmen Miranda
51%
Roberto Baggio
50%
Marie Curie
43%
Mao Zedong
41%
Jimi Hendrix
33%
Shinzo Abe
32%
Galileu
30%
Xi Jinping
30%
Rainha Vitória
26%
Louis Armstrong
23%
Audrey Hepburn
16%
Bach
14%
Rosa Parks
14%
Ícaro
11%
Nefertiti
11%
Yasser Arafat
11%
Dustin Hoffman
10%
Sean Connery
9%
Agatha Christie
6%
Voltaire
5%
Eva Perón
3%
Miles Davis
3%
Homero
2%
Indira Gandhi
1%
Ice Club
0%
Odin
0%
Nenhum quiz correspondente encontrado
Distribuição das Pontuações
Porcentagem de Pessoas com Cada Pontuação
Percentil de Números Respondidos
Sua Pontuação Histórica
Você não jogou esse quiz